00581nam a2200193 a 450000100060000000300090000600800410001502000150005604000280007108200170009910000340011624500800015026000420023030000100027249000240028265000180030665000480032465000150037210479CO-ViMGA141112s2004 ck r 000 u spa d a9681614623 aCO-ViMGAbspacCO-ViMGA04a320.953 A41a1 aAjami ; Fouad, Caso Mariluz, 10aLos Arabes en el Mundo Moderno : bSu Política y sus problemas desde 1967 aMexico : bFondo de Cultura Economica a377p. aColección Popular14aPAISES ARABES14aPAISES ARABES - HISTORIA MODERNA - SIGLO XX14aPolítica